| 000 | 00405cam a22001337a 4500 | ||
|---|---|---|---|
| 008 | 180718b1976 xxu||||| |||| 00| 0 eng d | ||
| 020 | _a9221014150 | ||
| 082 | _aJ72x81 In8 | ||
| 100 | _aSchaefer, Kalmann | ||
| 245 |
_aSao paulo : Urban development and employment _cby Kalmann Schaefer |
||
| 260 |
_aGeneva _bInternational Labour _c1976 |
||
| 300 | _aviii,106p | ||
| 650 | _aCities and Towns -Growth-Brazil. | ||
| 999 |
_c409895 _d409895 |
||